[Event "Arco op-B 39th"]
[Site "Arco"]
[Date "2017.10.14"]
[Round "7"]
[White "Lamera, Giuseppe"]
[Black "Brandi, Marcello"]
[Result "1/2-1/2"]
[WhiteElo "1497"]
[BlackElo "1335"]
[PlyCount "51"]
[EventDate "2017.10.08"]
[EventType "swiss"]
[EventRounds "8"]
[EventCountry "ITA"]
[SourceTitle "CBM 181 Extra"]
[Source "ChessBase"]
[SourceDate "2017.12.12"]
[SourceVersion "1"]
[SourceVersionDate "2017.12.12"]
[SourceQuality "1"]

1. e4 d5 2. e5 c5 3. c3 Bf5 4. d3 e6 5. Nf3 h6 6. Be2 Ne7 7. 0-0 Bh7 8. Nbd2 Ng6 9. Nb3 b6 10. Be3 Be7 11. d4 c4 12. Nc1 0-0 13. a3 f5 14. b3 f4 15. Bd2 b5 16. Re1 a5 17. Na2 Bxa3 18. b4 axb4 19. Nxb4 Nd7 20. Bc1 Bxb4 21. Rxa8 Qxa8 22. cxb4 Qa1 23. Qc2 Ngxe5 24. Qb2 Qxb2 25. Bxb2 Nxf3+ 26. Bxf3 1/2-1/2

[Event "Arco op-B 39th"]
[Site "Arco"]
[Date "2017.10.10"]
[Round "3"]
[White "Brandi, Marcello"]
[Black "Ponzecchi, Riccardo"]
[Result "0-1"]
[WhiteElo "1335"]
[BlackElo "1408"]
[PlyCount "108"]
[EventDate "2017.10.08"]
[EventType "swiss"]
[EventRounds "8"]
[EventCountry "ITA"]
[SourceTitle "CBM 181 Extra"]
[Source "ChessBase"]
[SourceDate "2017.12.12"]
[SourceVersion "1"]
[SourceVersionDate "2017.12.12"]
[SourceQuality "1"]

1. d4 Nf6 2. Nf3 g6 3. e3 Bg7 4. Bd3 0-0 5. 0-0 d6 6. Nbd2 c6 7. b4 Bg4 8. Rb1 Nd5 9. Rb3 Be6 10. c4 Nf6 11. Rb1 Bg4 12. h3 Bd7 13. Bb2 Re8 14. Ne4 Nxe4 15. Bxe4 Bc8 16. Re1 d5 17. Bd3 e6 18. c5 Nd7 19. e4 dxe4 20. Bxe4 Nf6 21. a3 Nxe4 22. Rxe4 Qc7 23. Ne5 f6 24. Nc4 Rd8 25. Nd6 Bd7 26. Qf3 Rf8 27. Re2 f5 28. Rbe1 Bf6 29. Qe3 Be7 30. Qe5 Bf6 31. Qg3 Be7 32. Bc1 Bxd6 33. cxd6 Qd8 34. Bg5 Qe8 35. Qe5 Qf7 36. Bh6 Rfe8 37. Re3 Rf8 38. Bxf8 Rxf8 39. Rf3 b6 40. Re4 Re8 41. g4 c5 42. dxc5 Bc6 43. Ree3 Bxf3 44. Rxf3 bxc5 45. bxc5 Qd7 46. Rc3 fxg4 47. hxg4 Qa4 48. Rd3 Qxg4+ 49. Kf1 Qc4 50. Qd4 Qb5 51. d7 Rd8 52. Qd6 Qc4 53. Kg2 Qg4+ 54. Kf1 Qc4 0-1

[Event "Arco op-B 39th"]
[Site "Arco"]
[Date "2017.10.09"]
[Round "2"]
[White "Berger, Peter"]
[Black "Brandi, Marcello"]
[Result "1/2-1/2"]
[WhiteElo "1497"]
[BlackElo "1335"]
[PlyCount "40"]
[EventDate "2017.10.08"]
[EventType "swiss"]
[EventRounds "8"]
[EventCountry "ITA"]
[SourceTitle "CBM 181 Extra"]
[Source "ChessBase"]
[SourceDate "2017.12.12"]
[SourceVersion "1"]
[SourceVersionDate "2017.12.12"]
[SourceQuality "1"]

1. e4 d5 2. exd5 Qxd5 3. Nc3 Qa5 4. d4 Nf6 5. Bd3 c6 6. Bd2 Qb6 7. Nge2 Qc7 8. h3 e6 9. Ng3 Nbd7 10. Qf3 Bd6 11. Nge4 Be7 12. Bg5 Qd8 13. Be3 Bb4 14. a3 Bxc3+ 15. bxc3 Nxe4 16. Bxe4 Qf6 17. Qg3 h6 18. Qd6 Qe7 19. Qg3 Qf6 20. Qd6 Qe7 1/2-1/2

[Event "ITA-ch Seniors 31st"]
[Site "Arvier"]
[Date "2009.04.27"]
[Round "4"]
[White "Deiana, Giacomo"]
[Black "Brandi, Marcello"]
[Result "1-0"]
[WhiteElo "1724"]
[BlackElo "1381"]
[PlyCount "121"]
[EventDate "2009.04.24"]
[EventType "swiss"]
[EventRounds "9"]
[EventCountry "ITA"]
[SourceTitle "EXT 2011"]
[Source "ChessBase"]
[SourceDate "2010.11.26"]
[SourceVersion "1"]
[SourceVersionDate "2010.11.26"]
[SourceQuality "1"]

1. Nf3 Nf6 2. g3 g6 3. Bg2 Bg7 4. 0-0 d5 5. d3 0-0 6. Nbd2 c6 7. e4 Bg4 8. h3 Bxf3 9. Qxf3 e6 10. Qe2 Re8 11. e5 Nfd7 12. d4 c5 13. c3 Qb6 14. Nf3 Nc6 15. Be3 a6 16. Qd2 c4 17. Rab1 Qc7 18. Nh2 f5 19. exf6 Nxf6 20. Bf4 Qd7 21. Rfe1 Re7 22. Bg5 Rf7 23. Bxf6 Bxf6 24. Ng4 Bg7 25. f4 Raf8 26. b3 h5 27. Ne5 Nxe5 28. dxe5 Qc7 29. h4 Bh6 30. Qc2 Rg7 31. bxc4 dxc4 32. Rxb7 Qc5+ 33. Kh2 Rxb7 34. Bxb7 Kg7 35. Qe4 a5 36. Re2 Qc7 37. Qc6 Qxc6 38. Bxc6 Kf7 39. Re4 Rb8 40. a4 Bf8 41. Bb5 Rd8 42. Rxc4 Rd2+ 43. Kh3 Rd1 44. Rc7+ Be7 45. Rd7 Rh1+ 46. Kg2 Rc1 47. Rd3 Rc2+ 48. Kf3 Rc1 49. Ke4 Re1+ 50. Kd4 Rc1 51. Bc6 Bd8 52. Kc4 Be7 53. Kb5 Rb1+ 54. Kxa5 Rb8 55. Ka6 Bf8 56. a5 Be7 57. Bb7 Bc5 58. Rd7+ Kg8 59. Rc7 Bf2 60. Rc8+ Rxc8 61. Bxc8 1-0

[Event "ITA-ch Seniors 31st"]
[Site "Arvier"]
[Date "2009.04.25"]
[Round "2"]
[White "Di Terlizzi, Domenico"]
[Black "Brandi, Marcello"]
[Result "1/2-1/2"]
[WhiteElo "1688"]
[BlackElo "1381"]
[PlyCount "31"]
[EventDate "2009.04.24"]
[EventType "swiss"]
[EventRounds "9"]
[EventCountry "ITA"]
[SourceTitle "EXT 2011"]
[Source "ChessBase"]
[SourceDate "2010.11.26"]
[SourceVersion "1"]
[SourceVersionDate "2010.11.26"]
[SourceQuality "1"]

1. d4 Nf6 2. Nf3 g6 3. Bf4 d5 4. e3 Bg7 5. c4 c5 6. cxd5 Nxd5 7. Be5 Bxe5 8. Nxe5 0-0 9. Nf3 Nd7 10. Bd3 b6 11. 0-0 e6 12. Qe2 a6 13. Rc1 Bb7 14. Nc3 Nxc3 15. Rxc3 Bxf3 16. Qxf3 1/2-1/2

[Event "ITA-ch Seniors 31st"]
[Site "Arvier"]
[Date "2009.04.24"]
[Round "1"]
[White "Brandi, Marcello"]
[Black "Renzini, Lorenzo"]
[Result "0-1"]
[WhiteElo "1381"]
[BlackElo "1812"]
[PlyCount "110"]
[EventDate "2009.04.24"]
[EventType "swiss"]
[EventRounds "9"]
[EventCountry "ITA"]
[SourceTitle "EXT 2011"]
[Source "ChessBase"]
[SourceDate "2010.11.26"]
[SourceVersion "1"]
[SourceVersionDate "2010.11.26"]
[SourceQuality "1"]

1. d4 Nf6 2. Nf3 g6 3. Nbd2 Bg7 4. e4 d6 5. Be2 0-0 6. 0-0 Nbd7 7. c3 e5 8. dxe5 Nxe5 9. b4 Nfd7 10. Qc2 Qf6 11. Bb2 b6 12. a4 Bb7 13. Rfe1 Nc6 14. Rab1 Nce5 15. Ba1 Nxf3+ 16. Bxf3 Ne5 17. c4 Qe7 18. g3 Nxf3+ 19. Nxf3 Rfe8 20. Nd2 Qd7 21. Bxg7 Kxg7 22. b5 Re7 23. Re2 Rae8 24. Rbe1 Qg4 25. f3 Qh5 26. Qc3+ Qe5 27. Qxe5+ Rxe5 28. f4 R5e7 29. Kf2 a6 30. g4 axb5 31. cxb5 f6 32. h4 h6 33. f5 g5 34. h5 Kf7 35. Re3 Ra8 36. Ra1 Re5 37. Rc1 Rc5 38. Ra1 Ke7 39. Ke2 Rxb5 40. Rea3 Rb4 41. Ke3 Bc6 42. a5 Rxa5 43. Rxa5 bxa5 44. Rxa5 Ra4 45. Rxa4 Bxa4 46. Nc4 Bd1 47. Kf2 Bxg4 48. Ne3 Bxh5 49. Nd5+ Kf8 50. Nxf6 Be8 51. Nd5 c6 52. Nb6 Ke7 53. Kg3 h5 54. Nc4 Bf7 55. Ne3 Kf6 0-1